| 000 | 00448nam a2200181 a 4500 | ||
|---|---|---|---|
| 005 | 20140414132028.0 | ||
| 008 | 040201s19uu xx 00 eng d | ||
| 020 | _a0-590-41145-4 | ||
| 050 |
_aTR _bL772 1985 |
||
| 100 | _aMcQueen, Lucinda | ||
| 245 |
_aThe little red hen / _cMcQueen, Lucinda. |
||
| 260 |
_aU.S.A : _bScholastic, _c1985. |
||
| 300 | _a32 p. ; cm. | ||
| 500 | _aTR/PS | ||
| 999 |
_c113577 _d113577 |
||